Rainbow panchtantra story / (Record no. 169124)

MARC details
000 -LEADER
fixed length control field 01004nam a22002777a 4500
005 - DATE AND TIME OF LATEST TRANSACTION
control field 20191106162400.0
010 ## - LCCN (DPL NO)
LC control number B-730846-853
020 ## - INTERNATIONAL STANDARD BOOK NUMBER
International Standard Book Number 9788181535054 (Pt.1)
Terms of availability 60.00
020 ## - INTERNATIONAL STANDARD BOOK NUMBER
International Standard Book Number 9788181535061 (Pt.2)
Terms of availability 60.00
020 ## - INTERNATIONAL STANDARD BOOK NUMBER
International Standard Book Number 9788181535078 (Pt.3)
Terms of availability 60.00
020 ## - INTERNATIONAL STANDARD BOOK NUMBER
International Standard Book Number 9788181535085 (Pt.4)
Terms of availability 60.00
020 ## - INTERNATIONAL STANDARD BOOK NUMBER
International Standard Book Number 9788181535092 (Pt.5)
Terms of availability 60.00
020 ## - INTERNATIONAL STANDARD BOOK NUMBER
International Standard Book Number 9788181535108 (Pt,6)
Terms of availability 60.00
020 ## - INTERNATIONAL STANDARD BOOK NUMBER
International Standard Book Number 9788181535115 (Pt.7)
Terms of availability 60.00
020 ## - INTERNATIONAL STANDARD BOOK NUMBER
International Standard Book Number 9788181535122 (Pt.8)
Terms of availability 60.00
035 ## - SYSTEM CONTROL NUMBER
System control number B-730846-853
037 ## - SOURCE OF ACQUISITION
Source of stock number/acquisition Rainbow Books
082 ## - DEWEY DECIMAL CLASSIFICATION NUMBER
Classification number S
245 ## - TITLE STATEMENT
Title Rainbow panchtantra story /
260 ## - PUBLICATION, DISTRIBUTION, ETC. (IMPRINT)
Place of publication, distribution, etc Delhi
Name of publisher, distributor, etc Rainbow Books
Date of publication, distribution, etc 2018
270 ## - ADDRESS
Address F-32, Strret No.-12, Parwana Road, Jagat Puri
City Delhi
Postal code 110051
300 ## - PHYSICAL DESCRIPTION
Extent 8 Pt.(16p.;16p.;16p.;16p.;16p.;16p.;16p.;16p.;):
Dimensions 27cm (pbk)
Other physical details ill.
490 ## - SERIES STATEMENT
Series statement 7-in one
942 ## - ADDED ENTRY ELEMENTS (KOHA)
Source of classification or shelving scheme Dewey Decimal Classification
Item type Children Books
Call number suffix RAI
Classification part S
Holdings
Withdrawn status Lost status Materials specified (bound volume or other part) Not for loan Collection code Home library Current library Date acquired Source of acquisition Cost, normal purchase price Full call number Barcode Copy number Cost, replacement price Koha item type
    Pt.1   Fiction Kadipur Kadipur 06/11/2019 Gift/ Eng (Ch.) /31.10.2019 60.00 S RAI B-730846 1 60.00 Children Books
    Pt.2   Fiction Kadipur Kadipur 06/11/2019 Gift/ Eng (Ch.) /31.10.2019 60.00 S RAI B-730847 1 60.00 Children Books
    Pt.3   Fiction Kadipur Kadipur 06/11/2019 Gift/ Eng (Ch.) /31.10.2019 60.00 S RAI B-730848 1 60.00 Children Books
    Pt.4   Fiction Kadipur Kadipur 06/11/2019 Gift/ Eng (Ch.) /31.10.2019 60.00 S RAI B-730849 1 60.00 Children Books
    Pt.5   Fiction Kadipur Kadipur 06/11/2019 Gift/ Eng (Ch.) /31.10.2019 60.00 S RAI B-730850 1 60.00 Children Books
    Pt.6   Fiction Kadipur Kadipur 06/11/2019 Gift/ Eng (Ch.) /31.10.2019 60.00 S RAI B-730851 1 60.00 Children Books
    Pt.7   Fiction Kadipur Kadipur 06/11/2019 Gift/ Eng (Ch.) /31.10.2019 60.00 S RAI B-730852 1 60.00 Children Books
    Pt.8   Fiction Kadipur Kadipur 06/11/2019 Gift/ Eng (Ch.) /31.10.2019 60.00 S RAI B-730853 1 60.00 Children Books

© Delhi Public Library
Hit Counter
free hit counter